[Event "30th Rilton Cup"]
[Site "Stockholm SWE"]
[Date "2001.01.04"]
[Round "8.27"]
[White "Hedman, Erik"]
[Black "Asadpour, Mehdi"]
[Result "1-0"]
[WhiteElo "2323"]
[BlackElo "2126"]
[EventDate "2000.12.27"]
[PlyCount "101"]

1.d4 d5 2.c4 e6 3.Nc3 Nf6 4.cxd5 Nxd5 5.Nf3 c5 6.e3 Nc6 7.Bc4 cxd4 8.exd4 
Be7 9.O-O O-O 10.Re1 Bf6 11.Ne4 b6 12.a3 Bb7 13.Qd3 Nce7 14.Neg5 g6 15.h4 
Nf5 16.g3 Nc7 17.Bf4 Nxd4 18.Nxd4 Qxd4 19.Bxc7 Rac8 20.Qxd4 Bxd4 21.Rad1 
Bxb2 22.Bd6 Rfe8 23.Bb5 Red8 24.Be7 Rd5 25.Rxd5 Bxd5 26.Ne4 Kg7 27.Nd6 Rc2
28.Ne8+ Kh8 29.Bf6+ Bxf6 30.Nxf6 Bf3 31.Ne4 Kg7 32.Re3 Rb2 33.Rxf3 Rxb5 
34.Rxf7+ Kxf7 35.Nd6+ Ke7 36.Nxb5 a6 37.Nc3 Kd6 38.Kf1 Kc5 39.Na4+ Kc4 40.
Nxb6+ Kb3 41.a4 Kb4 42.Ke2 Ka5 43.Nd7 Kxa4 44.Nc5+ Kb5 45.Nxe6 Kc4 46.Kd2 
a5 47.Kc2 h6 48.Nf8 g5 49.hxg5 hxg5 50.Nh7 Kd4 51.Nxg5 1-0

[Event "30th Rilton Cup"]
[Site "Stockholm SWE"]
[Date "2001.01.04"]
[Round "8.28"]
[White "Skjoldborg, Jesper"]
[Black "Barkhagen, Jonas"]
[Result "0-1"]
[WhiteElo "2207"]
[BlackElo "2466"]
[EventDate "2000.12.27"]
[PlyCount "60"]

1.e4 c5 2.Nf3 Nc6 3.d4 cxd4 4.Nxd4 Nf6 5.Nc3 e6 6.Ndb5 d6 7.Bf4 e5 8.Bg5 
a6 9.Na3 b5 10.Bxf6 gxf6 11.Nd5 Bg7 12.c3 f5 13.exf5 Bxf5 14.Nc2 O-O 15.
Nce3 Bg6 16.h4 h6 17.a4 b4 18.Nxb4 Nxb4 19.cxb4 f5 20.h5 Bh7 21.Bc4+ Kh8 
22.Qb3 Qg5 23.Bd5 Rac8 24.Nc4 f4 25.O-O e4 26.Rad1 f3 27.g3 Rxc4 28.Bxc4 
Be5 29.Rd5 Qg4 30.Rxe5 Qh3 0-1

[Event "30th Rilton Cup"]
[Site "Stockholm SWE"]
[Date "2001.01.05"]
[Round "9.3"]
[White "Ionov, Sergei"]
[Black "Ulybin, Mikhail"]
[Result "1/2-1/2"]
[WhiteElo "2503"]
[BlackElo "2568"]
[EventDate "2000.12.27"]
[PlyCount "28"]

1.d4 e6 2.c4 f5 3.Nc3 Nf6 4.Qc2 b6 5.e3 Bb7 6.Nge2 Be7 7.Nf4 O-O 8.Be2 Na6
9.O-O c5 10.d5 e5 11.Nh3 Nc7 12.Bd2 d6 13.f4 Bc8 14.Kh1 e4 1/2-1/2

[Event "30th Rilton Cup"]
[Site "Stockholm SWE"]
[Date "2001.01.05"]
[Round "9.9"]
[White "Ornstein, Axel"]
[Black "Salmensuu, Olli"]
[Result "0-1"]
[WhiteElo "2426"]
[BlackElo "2467"]
[EventDate "2000.12.27"]
[PlyCount "46"]

1.Nf3 d5 2.c4 d4 3.b4 g6 4.e3 e5 5.Bb2 Bg7 6.exd4 exd4 7.Na3 Nh6 8.Bd3 O-O
9.O-O Nc6 10.Nc2 Bg4 11.h3 Bh5 12.g4 Nxg4 13.hxg4 Bxg4 14.Nce1 Ne5 15.Be4 
Nxc4 16.Rb1 Re8 17.Bxb7 Rb8 18.Qb3 Be6 19.Bc6 Ne5 20.Qa4 Nxc6 21.Qxc6 Bd5 
22.Qc5 Re5 23.Bxd4 Rg5+ 0-1

[Event "30th Rilton Cup"]
[Site "Stockholm SWE"]
[Date "2001.01.05"]
[Round "9.10"]
[White "Svensson, Bengt"]
[Black "Ramesh, Ramachandran"]
[Result "0-1"]
[WhiteElo "2393"]
[BlackElo "2466"]
[EventDate "2000.12.27"]
[PlyCount "96"]

1.e4 c5 2.Nf3 Nc6 3.d4 cxd4 4.Nxd4 Nf6 5.Nc3 d6 6.Bg5 e6 7.Qd2 a6 8.O-O-O 
Nxd4 9.Qxd4 Be7 10.f4 b5 11.Bxf6 gxf6 12.e5 d5 13.f5 O-O 14.Bd3 fxe5 15.
Qxe5 Bf6 16.Qg3+ Kh8 17.Rhf1 Ra7 18.Qh3 b4 19.fxe6 fxe6 20.Ne2 Qc7 21.Qh6 
Qg7 22.Qxg7+ Rxg7 23.Ng3 Rgf7 24.Rde1 a5 25.Nh5 Bg5+ 26.Kd1 Rf2 27.Rxf2 
Rxf2 28.Rf1 Rxf1+ 29.Bxf1 e5 30.Bb5 Kg8 31.h3 Kf7 32.Ke2 Bc1 33.b3 Bf5 34.
Bd3 e4 35.Ba6 Bg6 36.g4 Ke6 37.Ng7+ Ke5 38.Bb7 Bh6 39.Nf5 Bf8 40.Nh4 Be8 
41.Ba6 Kd4 42.Nf5+ Kc3 43.Kd1 Bc6 44.h4 d4 45.Kc1 Bc5 46.Ng3 d3 47.cxd3 
exd3 48.Nf1 Bf3 0-1

[Event "30th Rilton Cup"]
[Site "Stockholm SWE"]
[Date "2001.01.05"]
[Round "9.11"]
[White "Ivanov, Sergei"]
[Black "Maeki-Uuro, Miikka"]
[Result "1-0"]
[WhiteElo "2570"]
[BlackElo "2329"]
[EventDate "2000.12.27"]
[PlyCount "89"]

1.d4 Nf6 2.c4 e6 3.Nc3 Bb4 4.Qc2 d5 5.cxd5 exd5 6.Bg5 h6 7.Bh4 c5 8.dxc5 
g5 9.Bg3 Ne4 10.e3 Qa5 11.Ne2 Bf5 12.Be5 O-O 13.Nd4 Nxc3 14.Qxf5 Ne4+ 15.
Kd1 Nc6 16.Nxc6 Qa4+ 17.b3 Qxc6 18.Bd3 Rfe8 19.Ke2 Qe6 20.Qxe6 Rxe6 21.Bd4
Bxc5 22.Bxe4 Bxd4 23.Bxd5 Bxa1 24.Bxe6 Bb2 25.Bd5 Rc8 26.Bxb7 Rc2+ 27.Kf3 
Rc1 28.Rxc1 Bxc1 29.b4 Ba3 30.b5 Kf8 31.Kg4 Bb4 32.g3 Bd2 33.e4 Bc3 34.f4 
gxf4 35.gxf4 f6 36.Kf5 Kf7 37.a4 Bd2 38.Bd5+ Ke7 39.h4 Be1 40.h5 Bd2 41.
Bc4 Kd6 42.a5 Be3 43.b6 axb6 44.a6 Kc7 45.Bb5 1-0

[Event "30th Rilton Cup"]
[Site "Stockholm SWE"]
[Date "2001.01.05"]
[Round "9.12"]
[White "Gdanski, Jacek"]
[Black "Bromann, Thorbjoern"]
[Result "1/2-1/2"]
[WhiteElo "2557"]
[BlackElo "2261"]
[EventDate "2000.12.27"]
[PlyCount "97"]

1.e4 e6 2.d4 d5 3.Nc3 Nf6 4.Bg5 Bb4 5.e5 h6 6.Bd2 Bxc3 7.bxc3 Ne4 8.Qg4 g6
9.Bd3 Nxd2 10.Kxd2 c5 11.Nf3 Bd7 12.h4 Qe7 13.dxc5 Bc6 14.Nd4 Nd7 15.f4 
O-O-O 16.Rab1 Qxc5 17.Qe2 Nb6 18.Qe3 h5 19.Rb4 Nc4+ 20.Bxc4 dxc4 21.Ke2 
Bxg2 22.Rhb1 Bd5 23.Nf5 Qxe3+ 24.Nxe3 Rd7 25.Nxc4 Bxc4+ 26.Rxc4+ Rc7 27.
Rbb4 Rd8 28.Rxc7+ Kxc7 29.Rc4+ Kd7 30.Ra4 a6 31.Rb4 Kc6 32.Rc4+ Kd7 33.Ke3
Ke7 34.Rb4 Rd7 35.c4 Kd8 36.Rb3 Kc7 37.Rd3 Kc6 38.Kd2 Rc7 39.Kc3 Kc5 40.
Rd6 Re7 41.a4 a5 42.Rd8 Rc7 43.Rd1 b6 44.Rd8 Kc6 45.Kd4 Rd7+ 46.Rxd7 Kxd7 
47.c5 Kc6 48.cxb6 Kxb6 49.Kc4 1/2-1/2

[Event "30th Rilton Cup"]
[Site "Stockholm SWE"]
[Date "2001.01.05"]
[Round "9.13"]
[White "Brynell, Stellan"]
[Black "Hedman, Erik"]
[Result "1-0"]
[WhiteElo "2473"]
[BlackElo "2323"]
[EventDate "2000.12.27"]
[PlyCount "63"]

1.e4 e6 2.d4 d5 3.Nd2 Nf6 4.e5 Nfd7 5.c3 c5 6.Bd3 Nc6 7.Ne2 cxd4 8.cxd4 f6
9.exf6 Nxf6 10.O-O Qc7 11.Nf3 Bd6 12.Bg5 O-O 13.Rc1 Ng4 14.Ng3 g6 15.Nd2 
Nf6 16.Nb3 Qb6 17.Be3 Bd7 18.Nc5 Bxc5 19.Rxc5 Qxb2 20.Rb5 Qxa2 21.Rxb7 Bc8
22.Rc7 Nb4 23.Bh6 Rf7 24.Qc1 Bd7 25.Bb1 Qa5 26.Rc5 Qb6 27.Qg5 Kh8 28.Rfc1 
Nc6 29.Bxg6 Rg8 30.Bxf7 Rxg5 31.Bxg5 Kg7 32.Bxe6 1-0

[Event "30th Rilton Cup"]
[Site "Stockholm SWE"]
[Date "2001.01.05"]
[Round "9.14"]
[White "Aakesson, Ralf"]
[Black "Eriksson, Jonas"]
[Result "0-1"]
[WhiteElo "2465"]
[BlackElo "2234"]
[EventDate "2000.12.27"]
[PlyCount "70"]

1.d4 f5 2.g3 Nf6 3.Bg2 g6 4.c4 Bg7 5.Nc3 O-O 6.Nh3 e6 7.Nf4 d6 8.h4 c6 9.
e4 e5 10.dxe5 dxe5 11.Nd3 Nxe4 12.Nxe4 fxe4 13.Bxe4 Qd4 14.Qe2 Qxc4 15.h5 
Bf5 16.Bxf5 gxf5 17.h6 Bf6 18.Rh5 Qg4 19.Qxg4+ fxg4 20.Nc5 Kf7 21.Nxb7 Kg6
22.Rh2 Na6 23.Nd6 Nb4 24.Rb1 Rad8 25.Ne4 Nc2+ 26.Kf1 Rd1+ 27.Ke2 Rfd8 28.
f3 Re1+ 29.Kf2 gxf3 30.Nxf6 Re2+ 31.Kxf3 Rxh2 32.Ng4 Ne1+ 33.Ke4 Rd4+ 34.
Kxe5 Rxg4 35.Bf4 Nd3+ 0-1

[Event "30th Rilton Cup"]
[Site "Stockholm SWE"]
[Date "2001.01.05"]
[Round "9.15"]
[White "Lindberg, Bengt"]
[Black "Holmsten, Aleksei"]
[Result "1/2-1/2"]
[WhiteElo "2304"]
[BlackElo "2408"]
[EventDate "2000.12.27"]
[PlyCount "120"]

1.e4 c5 2.Nf3 e6 3.d4 cxd4 4.Nxd4 Nf6 5.Nc3 Nc6 6.Ndb5 d6 7.Bf4 e5 8.Bg5 
a6 9.Na3 b5 10.Bxf6 gxf6 11.Nd5 Bg7 12.g3 Ne7 13.Bg2 Rb8 14.O-O O-O 15.
Nxe7+ Qxe7 16.c3 f5 17.Nc2 fxe4 18.Bxe4 f5 19.Bd5+ Kh8 20.Nb4 Qg5 21.Bg2 
Qh6 22.f4 exf4 23.Rxf4 Be5 24.Rh4 Qe3+ 25.Kh1 Rb7 26.a4 Rg7 27.Qf1 Qg5 28.
Nd3 Be6 29.axb5 axb5 30.Nf4 Bc4 31.Qf2 Re7 32.Bf3 Qxh4 33.gxh4 Bxf4 34.Ra8
Rf7 35.Rxf8+ Rxf8 36.Qc2 Be5 37.h5 Kg7 38.Qd2 f4 39.Qg2+ Kh6 40.Qf2 Rf5 
41.Qa7 Rf7 42.Qb8 Rg7 43.Qb6 Rg5 44.Qf2 Bf7 45.Qe2 Bxh5 46.Bxh5 Rxh5 47.
Kg1 f3 48.Qxf3 Rxh2 49.Qf8+ Kg5 50.Qg8+ Kf5 51.Qb3 h5 52.Qxb5 h4 53.b4 h3 
54.Qd3+ Kg4 55.b5 Rg2+ 56.Kf1 Rb2 57.Qe4+ Kg3 58.Qe3+ Kg4 59.Qe4+ Kg3 60.
Qe3+ Kg4 1/2-1/2

[Event "30th Rilton Cup"]
[Site "Stockholm SWE"]
[Date "2001.01.05"]
[Round "9.17"]
[White "Olausson, Claes-Goeran"]
[Black "Skytte, Rasmus"]
[Result "1/2-1/2"]
[WhiteElo "2253"]
[BlackElo "2342"]
[EventDate "2000.12.27"]
[PlyCount "82"]

1.d4 Nf6 2.c4 c5 3.d5 b5 4.cxb5 a6 5.bxa6 g6 6.Nc3 Bxa6 7.e4 Bxf1 8.Kxf1 
d6 9.g3 Bg7 10.Kg2 O-O 11.Nf3 Nbd7 12.Re1 Ng4 13.Qe2 Nge5 14.Nd2 Nb6 15.f4
Ned7 16.a4 Ra7 17.a5 Qa8 18.a6 Rb8 19.Nb5 Rxa6 20.Nc7 Rxa1 21.Nxa8 Rbxa8 
22.Nf3 c4 23.e5 Nc5 24.Be3 Rxe1 25.Nxe1 Nxd5 26.Bxc5 dxc5 27.Kh3 e6 28.
Qxc4 Bf8 29.Qb5 Rc8 30.b3 Rd8 31.Nf3 Be7 32.Qb7 Kf8 33.Ne1 Nb4 34.Qe4 Rb8 
35.Nf3 Nd5 36.Nd2 Rb4 37.Qc2 Ne3 38.Qa2 Rd4 39.Ne4 Kg7 40.Qa7 Rxe4 41.Qxe7
Rb4 1/2-1/2

[Event "30th Rilton Cup"]
[Site "Stockholm SWE"]
[Date "2001.01.05"]
[Round "9.18"]
[White "Barkhagen, Jonas"]
[Black "Nybaeck, Tomi"]
[Result "1-0"]
[WhiteElo "2466"]
[BlackElo "2195"]
[EventDate "2000.12.27"]
[PlyCount "61"]

1.b3 Nf6 2.Bb2 e6 3.c4 d5 4.Nf3 c6 5.e3 Nbd7 6.Be2 Bd6 7.d4 Qe7 8.Nbd2 Ba3
9.Bxa3 Qxa3 10.O-O Qd6 11.Qc2 O-O 12.Rac1 Re8 13.Rfe1 h6 14.e4 dxe4 15.
Nxe4 Nxe4 16.Qxe4 e5 17.c5 Qc7 18.Nxe5 Nxe5 19.Bf1 Qa5 20.dxe5 Qxa2 21.Bd3
g6 22.Qf4 Be6 23.Qxh6 Qb2 24.Rb1 Qd4 25.Bxg6 fxg6 26.Qxg6+ Kf8 27.Re4 Qd7 
28.Rf4+ Bf7 29.Qh6+ Ke7 30.Qf6+ Kf8 31.Rh4 1-0

[Event "30th Rilton Cup"]
[Site "Stockholm SWE"]
[Date "2001.01.05"]
[Round "9.19"]
[White "Hillarp Persson, Tiger"]
[Black "Molander, Riku"]
[Result "1-0"]
[WhiteElo "2520"]
[BlackElo "2303"]
[EventDate "2000.12.27"]
[PlyCount "65"]

1.d4 Nf6 2.c4 b6 3.Nc3 Bb7 4.f3 d5 5.cxd5 Nxd5 6.e4 Nxc3 7.bxc3 e5 8.Be3 
exd4 9.cxd4 Bb4+ 10.Kf2 O-O 11.Ne2 Nd7 12.Ng3 Be7 13.Nf5 Bg5 14.Bxg5 Qxg5 
15.h4 Qf6 16.g4 g6 17.g5 Qd8 18.Nh6+ Kg7 19.Bh3 f6 20.Bxd7 Qxd7 21.d5 Kh8 
22.Qd4 c5 23.Qc3 Qg7 24.Ng4 f5 25.Nf6 fxe4 26.fxe4 Rae8 27.Rae1 Qc7 28.Kg2
Re5 29.Rhf1 Bc8 30.Ng4 Rxf1 31.Nxe5 Rxe1 32.Nxg6+ Kg8 33.Qh8+ 1-0

[Event "30th Rilton Cup"]
[Site "Stockholm SWE"]
[Date "2001.01.05"]
[Round "9.22"]
[White "Engqvist, Thomas"]
[Black "Nystroem, Ragnar"]
[Result "1-0"]
[WhiteElo "2366"]
[BlackElo "2154"]
[EventDate "2000.12.27"]
[PlyCount "107"]

1.d4 e6 2.c4 Nf6 3.Nf3 b6 4.g3 Bb7 5.Bg2 Be7 6.O-O O-O 7.d5 exd5 8.Nh4 c6 
9.cxd5 Nxd5 10.Nf5 Na6 11.e4 Ndc7 12.Nc3 Ne6 13.e5 d6 14.exd6 Bf6 15.Be3 
Rb8 16.Rc1 c5 17.Qa4 Bxg2 18.Kxg2 Nb4 19.Rfd1 a5 20.a3 Na6 21.Qb5 Ra8 22.
Nd5 Kh8 23.Qxb6 Qxb6 24.Nxb6 Rad8 25.Nc4 a4 26.Rd2 Nb8 27.Nb6 g6 28.Ne7 
Nd4 29.Ned5 Be5 30.Bxd4 Bxd4 31.Nxa4 Rxd6 32.Nf4 Na6 33.Rdc2 Rb8 34.Ne2 
Rbd8 35.Nec3 f5 36.Nb5 R6d7 37.Nbc3 Nc7 38.Ne2 Ne6 39.h4 Ra7 40.Nb6 Rb7 
41.Nc4 Rf8 42.Rd1 f4 43.Nxd4 Nxd4 44.Rcd2 fxg3 45.fxg3 Rbf7 46.Ne5 Re7 47.
Nd3 Nb3 48.Rc2 Re3 49.Nf4 Nd4 50.Rxc5 Ne2 51.Nxe2 Rxe2+ 52.Kh3 Rxb2 53.Rd7
Ra8 54.Rcc7 1-0

[Event "30th Rilton Cup"]
[Site "Stockholm SWE"]
[Date "2001.01.05"]
[Round "9.24"]
[White "Carlhammar, Magnus"]
[Black "Lehtinen, Heikki"]
[Result "1-0"]
[WhiteElo "2260"]
[BlackElo "2336"]
[EventDate "2000.12.27"]
[PlyCount "165"]

1.d4 g6 2.c4 Bg7 3.e4 d6 4.Nc3 e5 5.dxe5 dxe5 6.Qxd8+ Kxd8 7.f4 Be6 8.Nf3 
Nd7 9.Be2 h6 10.O-O Ne7 11.h3 exf4 12.Bxf4 g5 13.Bh2 Nc6 14.Rad1 Kc8 15.
Nd5 Nce5 16.Ne7+ Kb8 17.Nxe5 Nxe5 18.Nf5 Bf6 19.Nd6 Bg7 20.Nf5 Bf6 21.Nd6 
Bg7 22.Bxe5 Bxe5 23.Nxf7 Bxf7 24.Rxf7 a5 25.b3 Ra6 26.Rd5 Re8 27.Bg4 Bc3 
28.Rdd7 Rxe4 29.Rxc7 Bd4+ 30.Kf1 Rf4+ 31.Rxf4 gxf4 32.Rd7 Be5 33.Bf3 Bc7 
34.Bd5 Rb6 35.Rh7 Rd6 36.Ke2 b5 37.Kf3 bxc4 38.bxc4 Rg6 39.Ke2 Bd8 40.Rb7+
Kc8 41.Rf7 Rb6 42.Kd3 Rf6 43.Rh7 Bb6 44.Ke4 Be3 45.Ke5 Rg6 46.h4 Kb8 47.h5
Rb6 48.Bf3 a4 49.Kd5 a3 50.Rh8+ Kc7 51.Rh7+ Kb8 52.Rh8+ Kc7 53.Ra8 Rc6 54.
Rxa3 Rc5+ 55.Ke6 Rxc4 56.Kf7 Rd4 57.Ra6 Rd2 58.Kg6 Kd8 59.a4 Ra2 60.a5 Kc7
61.Ra8 Rd2 62.Rf8 Ra2 63.Rf5 Kd8 64.Re5 Bc1 65.Re6 Rxa5 66.Kxh6 Kd7 67.Rc6
Bb2 68.Kg6 Ra8 69.Kf7 Rh8 70.h6 Be5 71.Be4 Bd6 72.Rxd6+ Kxd6 73.Kg7 Rd8 
74.h7 Rd7+ 75.Kf6 Rd8 76.Bg6 Kd5 77.Bf7+ Ke4 78.Bg8 Rd6+ 79.Kg5 Rd2 80.
h8=Q Rxg2+ 81.Kf6 f3 82.Qh4+ Ke3 83.Bd5 1-0

[Event "30th Rilton Cup"]
[Site "Stockholm SWE"]
[Date "2001.01.05"]
[Round "9.46"]
[White "Horn, Emilia"]
[Black "Todorovic, Zoran"]
[Result "1-0"]
[WhiteElo "2042"]
[BlackElo "2151"]
[EventDate "2000.12.27"]
[PlyCount "61"]

1.e4 c5 2.Nf3 d6 3.d4 cxd4 4.Qxd4 Nc6 5.Bb5 Bd7 6.Bxc6 Bxc6 7.Bg5 Nf6 8.
Nc3 h6 9.Bh4 e6 10.O-O-O Be7 11.Qd3 Qa5 12.Nd4 Rc8 13.Bxf6 Bxf6 14.f4 O-O 
15.g4 Qb4 16.h4 g6 17.f5 exf5 18.gxf5 Be5 19.Qe3 Kh7 20.Rd3 Qb6 21.Rf1 a5 
22.Nce2 Rce8 23.Rb3 Qa6 24.Nxc6 Qxc6 25.Rb6 Qc4 26.fxg6+ Kxg6 27.b3 Qc7 
28.Nf4+ Bxf4 29.Rxf4 Re6 30.e5 Rxe5 31.Qxe5 1-0